PEB EXCHANGE - PROGRAMME ON EDUCATIONAL BUILDING (Record no. 91280)
[ view plain ]
| 000 -CABECERA | |
|---|---|
| campo de control de longitud fija | 00378nam a2200121 u 4500 |
| 005 - FECHA Y HORA DE LA ÚLTIMA TRANSACCIÓN | |
| campo de control | 20210219154123.0 |
| 008 - ELEMENTOS DE LONGITUD FIJA--INFORMACIÓN GENERAL | |
| campo de control de longitud fija | 010207s1999 r 000 0 eng d |
| 022 ## - NÚMERO INTERNACIONAL NORMALIZADO PARA PUBLICACIONES SERIADAS | |
| Número Internacional Normalizado para Publicaciones Seriadas | 1018-9327 |
| 035 ## - NÚMERO DE CONTROL DEL SISTEMA | |
| Número de control de sistema | UPN01000118918 |
| 245 00 - MENCIÓN DE TÍTULO | |
| Título | PEB EXCHANGE - PROGRAMME ON EDUCATIONAL BUILDING |
| 260 ## - PUBLICACIÓN, DISTRIBUCIÓN, ETC. | |
| Lugar de publicación, distribución, etc. | París, Francia : OECD(Organisation for Economic Co-operation and Development) |
| 905 ## - TIPO DE MATERIAL | |
| Tipo de material | Revista |
| Estado de retiro | Estado de pérdida | Fuente del sistema de clasificación o colocación | Estado dañado | No para préstamo | Código de colección | Localización permanente | Ubicación/localización actual | Ubicación en estantería | Enumeración/cronología de publicación seriada | Total de préstamos | Código de barras | Fecha visto por última vez | Número de copia | Tipo de ítem Koha |
|---|---|---|---|---|---|---|---|---|---|---|---|---|---|---|
| Library of Congress Classification | Disponible (Préstamo en sala) | Revistas | Bib. Gregorio Torres Quintero | Bib. Gregorio Torres Quintero | Hemeroteca Sótano | no. 42, 2001 | 17777210 | 31/12/2020 | 1 | Revista Impresa | ||||
| Library of Congress Classification | Disponible (Préstamo en sala) | Revistas | Bib. Gregorio Torres Quintero | Bib. Gregorio Torres Quintero | Hemeroteca Sótano | no. 44, 2001 | 17777230 | 31/12/2020 | 1 | Revista Impresa | ||||
| Library of Congress Classification | Disponible (Préstamo en sala) | Revistas | Bib. Gregorio Torres Quintero | Bib. Gregorio Torres Quintero | Hemeroteca Sótano | no. 50, 2003 | 17777260 | 31/12/2020 | 1 | Revista Impresa | ||||
| Library of Congress Classification | Disponible (Préstamo en sala) | Revistas | Bib. Gregorio Torres Quintero | Bib. Gregorio Torres Quintero | Hemeroteca Sótano | no. 45, 2002 | 17777240 | 31/12/2020 | 1 | Revista Impresa | ||||
| Library of Congress Classification | Disponible (Préstamo en sala) | Revistas | Bib. Gregorio Torres Quintero | Bib. Gregorio Torres Quintero | Hemeroteca Sótano | no. 43, 2001 | 17777220 | 31/12/2020 | 1 | Revista Impresa | ||||
| Library of Congress Classification | Disponible (Préstamo en sala) | Revistas | Bib. Gregorio Torres Quintero | Bib. Gregorio Torres Quintero | Hemeroteca Sótano | no. 47, 2002 | 17777250 | 31/12/2020 | 1 | Revista Impresa |
